Normal view
MARC view
Entry Topical Term
001 - CONTROL NUMBER
- control field: 3690
003 - CONTROL NUMBER IDENTIFIER
- control field: OSt
005 - DATE AND TIME OF LATEST TRANSACTION
- control field: 20210915084004.0
008 - FIXED-LENGTH DATA ELEMENTS
- fixed length control field: 210915|| aca||aabn | a|a d
040 ## - CATALOGING SOURCE
- Original cataloging agency: OSt
- Transcribing agency: OSt
150 ## - HEADING--TOPICAL TERM
- Topical term or geographic name entry element: Gaussian measures
670 ## - SOURCE DATA FOUND
- Source citation: Work cat.: (OSt)3921: Lifshit︠s︡, M. A. (Mikhail Anatolʹevich), 1956- 3689, Gaussian random functions /, c1995.